Statistics for US States Without a Map

Click here to take the quiz!

General Stats

  • This quiz has been taken 9,332 times
  • The average score is 43 of 50

Answer Stats

state% Correct
California
96%
Alabama
95%
New York
94%
Alaska
93%
Florida
93%
North Dakota
93%
Arizona
92%
Georgia
92%
South Dakota
92%
Washington
92%
Arkansas
91%
North Carolina
91%
Texas
91%
Colorado
90%
Hawaii
90%
Maine
90%
New Mexico
90%
South Carolina
90%
Idaho
88%
Oregon
88%
Delaware
87%
Illinois
87%
Kansas
87%
Michigan
87%
Mississippi
87%
New Hampshire
87%
Ohio
87%
Virginia
87%
Connecticut
86%
Montana
86%
New Jersey
86%
Indiana
85%
Nevada
85%
West Virginia
85%
Kentucky
84%
Vermont
84%
Wyoming
84%
Iowa
83%
Louisiana
83%
Rhode Island
83%
Maryland
82%
Utah
82%
Massachusetts
81%
Minnesota
81%
Tennessee
81%
Missouri
80%
Oklahoma
80%
Pennsylvania
80%
Wisconsin
80%
Nebraska
79%

Score Distribution

Percentile by Number Answered

Percent of People with Each Score

Your Score History

You have not taken this quiz